000
00283nam a22001217a 4500
008
181017b xxu||||| |||| 00| 0 eng d
041
_a
eng
080
_a
159.9
100
_a
49
101
_a
psi
245
_a
Advanced In Learning And Behavioral
_c
Cadow,K D
942
_2
udc
_c
BK
999
_c
49995
_d
49995